000 00468nam a2200169Ia 4500
005 20250923144510.0
008 008 250917s9999 xx 000 0 eng d
037 _aTextual
040 _aDSWL
_beng
_cDSWL
041 _aeng
_2eng
084 _qDSWL
100 _aGrierson, George.A.
_9825492
245 0 _aBihar peasant life
_cby George.A. Grierson
260 _aPatna
_bSuptd.Govt.Printing
_c1926
942 _cTEXL
999 _c1439670
_d1439670